Electricidad 1-7 / Harry Mileaf (Registro nro. 28444)
[ vista simple ]
| 000 -LÍDER | |
|---|---|
| fixed length control field | 00348nam a2200145 4500 |
| 020 ## - NÚMERO INTERNACIONAL NORMALIZADO PARA LIBROS | |
| ISBN | 978-968-18-0973-7 |
| 050 ## - SIGNATURA TOPOGRAFICA DE LA BIBLIOTECA DEL CONGRESO (LC) | |
| Número de Clasificación | TK146 M5518 2014 |
| 082 ## - NUMERO DE CLASIFICACION DECIMAL DEWEY | |
| Número de Clasificación | 537 M396e 2014 |
| 100 ## - ASIENTO PRINCIPAL--NOMBRE PERSONAL | |
| Nombre personal | Mileaf, Harry |
| 245 ## - TÍTULO | |
| Título | Electricidad 1-7 / Harry Mileaf |
| 250 ## - MENCIÓN DE EDICIÓN | |
| Mención de edición | 1 |
| 260 ## - PUBLICACIÓN, DISTRIBUCIÓN, ETC. (PIE DE IMPRENTA) | |
| Lugar de publicación, distribución, etc. | México : Limusa |
| 300 ## - DESCRIPCIÓN FÍSICA | |
| Extensión | 950p. il. / 23cm. |
| 650 ## - ASIENTO SECUNDARIO DE MATERIA - TERMINO TEMÁTICO | |
| Término temático o nombre geográfico como elemento de entrada | 1. ELECTRICIDAD |
| No. biblioteca | No. biblioteca | Número de clasificación | Código de barras/Número de adquisición | Número de copia | Tipo de material |
|---|---|---|---|---|---|
| ÁREA DE BÁSICAS | LUIS G. INCLAN | 537 M396e 2014 | 53056 | 2 | Libros |
| ÁREA DE BÁSICAS | ÁREA DE BÁSICAS | 537 M396e 2014 | 53055 | 1 | Libros |
| ÁREA DE BÁSICAS | ÁREA DE BÁSICAS | 537 M396e 2014 | 53057 | 3 | Libros |
| ÁREA DE BÁSICAS | ÁREA DE BÁSICAS | 537 M396e 2014 | 53058 | 4 | Libros |
| ÁREA DE BÁSICAS | ÁREA DE BÁSICAS | 537 M396e 2014 | 53059 | 5 | Libros |
